MARC

LEADER 00000nam0a2200000 4500
001 272507
005 20231101234536.0
035 |a (RuTPU)RU\TPU\book\295714 
090 |a 272507 
100 |a 20141018d1987 k y0rusy50 ca 
101 0 |a rus 
102 |a RU 
105 |a a z 000zy 
200 1 |a Эксплуатация компрессорных установок  |f В. М. Тарасов 
210 |a Москва  |c Машиностроение  |d 1987 
215 |a 136 с.  |c ил. 
606 1 |a Компрессорные установки  |x Эксплуатация  |2 stltpush  |3 (RuTPU)RU\TPU\subj\15074  |9 41372 
610 1 |a оборудование 
610 1 |a автоматизация 
610 1 |a аварии 
610 1 |a техническое обслуживание 
610 1 |a ремонт 
610 1 |a техника безопасности 
675 |a 621.51.004  |v 3 
700 1 |a Тарасов  |b В. М.  |g Владимир Михайлович 
801 1 |a RU  |b 63413507  |c 20141018 
801 2 |a RU  |b 63413507  |c 20160229  |g RCR 
942 |c BK